Регионална библиотека "Любен Каравелов" - Русе

Невъзпитаният Мечо (Запис номер 474118)

MARC детайли
000 -Лидер
Контролно поле с фиксирана дължина 01150nam a2200277 a 4500
003 - Код на организацията, давaща контролен номер
Контролно поле BLK
005 - Дата и час на последна редакция
Контролно поле 20250214132533.0
008 - Елементи от данни с фиксирана дължина
fixed length control field 180411b bul|||||r ||||||| ||bul||
020 ## - Международен стандартен номер на книга ISBN
Международен стандартен номер на книга ISBN 9786197659115
040 ## - Източник на каталожния запис
Идентификатор на билиотеката - собственик на записа BLK
041 ## - Код за език
Код за езика на текст/звукозапис или на отделно заглавие Български
Код за езика КДБФ Български
080 ## - УДК
Текстов определител УДК Руска литература
УДК код - определител по УДК 821.161.1
УДК определител -93-34
УДК - код + определител 821.161.1-93-34
100 ## - Редна дума - Автор
Автор Барто, Агния Львовна
R(LIN) 276360
139 ## - Редно поле
Редна дума Барто, Агния Львовна
Авторски знак Бар - Б 26
245 10 - Сведения за заглавието
Заглавие Невъзпитаният Мечо
Редно поле (дума) Агния Барто; ил. В. Сутеев; прев. от рус. Христо Попов.
257 ## - Страна на издаване
Страна на създаване/издаване Русия
260 ## - Област на издателските данни
Място на издаване, разпространение и проч. София
Име на издателя, разпространителя и проч. Миранда
Година на издаване 2021
Печатница [Китай]
9 (RLIN) 220232
Издателство - префикс ISBN 978-619-7078-
300 ## - Физическа характеристика
Страници 16 с.
Илюстрации и др. с цв. ил.
Размери/Мащаб 26 см
380 ## - Жанр
Жанр Детска худож. лит.
500 ## - Общи забележки
Забележка Ориг. загл.: Медвежнок-невежа. - За авт.: с. 14
700 ## - Други автори (авторска отговорност)
Лично име Сутеев, Владимир Григориевич
Автороска отговорност (Описва отношението между автора и произведението) ил.
9 (RLIN) 599
700 ## - Други автори (авторска отговорност)
Лично име Попов, Христо Иванов
Автороска отговорност (Описва отношението между автора и произведението) прев. от рус.
9 (RLIN) 1121
852 ## - Местоположение
Форматна сигнатура Цб ІІ 31222
Фондова буква Хранилище
999 ## - СИСТЕМНИ КОНТРОЛНИ НОМЕРА
Koha biblionumber 474118
Koha biblioitemnumber 474118
942 ## - АРТИКУЛИ
Вид на библиотечния материал Книги
Скрит в OPAC Не
Периодичен библиозапис Да
Koha issues (borrowed), all copies 34
944 ## - СЪЗДАВАНЕ И РЕДАКЦИЯ на ЗАПИСА
Създаване/Редакция Създаване
Дата на регистрацията/редакция 2022-09-24
Служител, извършил регистрацията/редакцията 30564
Статус, дата на статуса Анна Гръцманова
Наличности
Код за отписване Код за изгубен артикул Източник на класификационната схема Код за повреда Коз за рестрикции Код за отдаване Артикулен № Име на библиотеката - собственик Име на библиотеката, в която се намира в момента Статус (Текущо местоположение) Дата на вписване в системата Местоположение - отдел Цена в лева Систематично азбучна сигнатура Баркод Цена в евро Служебен тип на артикула Инвентарен номер
  Не е изгубен Universal Decimal Classification Не е повреден само за читалня ползва се в читалня 905539 Регионална библиотека "Любен Каравелов" Русе Регионална библиотека "Любен Каравелов" Русе Хранилище 2022-09-28 Хранилище 7.95 Цб ІІ 31222 120000877410 4.06 Книги  
  Не е изгубен Universal Decimal Classification Не е повреден без рестрикции заемане за дома 926399 Регионална библиотека "Любен Каравелов" Русе Регионална библиотека "Любен Каравелов" Русе Детски отдел 2023-04-03 Детски отдел 5.96 821-93/Б 26 А 120000885659 3.05 Книги 120000885659
  Не е изгубен Universal Decimal Classification Не е повреден без рестрикции заемане за дома 926400 Регионална библиотека "Любен Каравелов" Русе Регионална библиотека "Любен Каравелов" Русе Детски отдел 2023-04-03 Детски отдел 5.96 821-93/Б 26 А 120000885657 3.05 Книги 120000885657
  Не е изгубен Universal Decimal Classification Не е повреден без рестрикции заемане за дома 926401 Регионална библиотека "Любен Каравелов" Русе Регионална библиотека "Любен Каравелов" Русе Детски отдел 2023-04-03 Детски отдел 5.96 821-93/Б 26 А 120000885658 3.05 Книги 120000885658
Vip Innovations Ltd, Rousse, Bulgaria 2025